| 000 | 00468nam a22001937a 4500 | ||
|---|---|---|---|
| 003 | OSt | ||
| 008 | 240503b |||||||| |||| 00| 0 eng d | ||
| 020 | _a9789357054119 | ||
| 082 | _a005.4 AHC | ||
| 100 | _aAHO, Alfred V | ||
| 245 | _aCOMPILERS: Principles, Techniques, and Tool | ||
| 250 | _a2nd Ed | ||
| 260 |
_aNoida _bPearson _c2024 |
||
| 300 | _a965 | ||
| 700 | _aLAM, Monica S | ||
| 700 | _aSETHI, Ravi | ||
| 700 | _aULLMAN, jeffrey D | ||
| 942 |
_2ddc _cBK |
||
| 999 |
_c12614 _d12614 |
||